• 首页
  • 本馆介绍
  • 公告通知
  • 最新文献
  • 馆藏检索
  • 电子资源
  • 读者导购
  • 参考咨询
  • 我的图书馆
  • 登录
  • 详细信息显示
  • 放入我的书架
  • 预约/预借图书
  • 作者相关作品
  • 分类相关作品
  • 丛书相关作品
  • 出版社相关作品

书目信息

  • 表格格式
  • 工作单格式
  • 卡片格式
题名:
动画分镜头设计与制作
    
 
作者: 邓文达 主编
分册:  
出版信息: 北京   人民邮电出版社  2012.01
页数: 188页
开本: 26cm
丛书名:
单 册:
中图分类: J954.1
科图分类:
主题词: 动画片--镜头(电影艺术镜头)--设计--高等教育--教材 , 动画片 , 镜头(电影艺术镜头)
电子资源:
ISBN: 978-7-115-26463-3
000 00998nam0 2200289 450
001 010010088499
005 20130608091515.51
010    @a978-7-115-26463-3@dCNY39.00
035    @a005612271
100    @a20120215d2012 em y0chiy0110 ea
101 0  @achi
102    @aCN@b110000
105    @aa z 000yy
106    @ar
200 1  @a动画分镜头设计与制作@9dong hua fen jing tou she ji yu zhi zuo@f邓文达主编
210    @a北京@c人民邮电出版社@d2012.01
215    @a188页@c图(12页)@d26cm@e1光盘
300    @a21世纪高等教育数字艺术与设计规划教材
307    @a附光盘:ISBN 978-7-89443-625-2
330    @a本书讲解了动画分镜头的基本概念和重要功能、分镜头画面的绘制与构图技法、镜头调度的基本规律、分镜头合理流畅的技巧以及实战技法等各方面知识和技能。
606 0  @a动画片@x镜头(电影艺术镜头)@x设计@x高等教育@j教材
606 0  @a动画片
606 0  @a镜头(电影艺术镜头)
690    @aJ954.1@v5
701  0 @a邓文达@9deng wen da@c(女)@4主编
801  0 @aCN@bNLC@c20120306
905    @dJ954.1@e261
    
    动画分镜头设计与制作/邓文达主编.-北京:人民邮电出版社,2012.01
    188页:图(12页);26cm+1光盘
    21世纪高等教育数字艺术与设计规划教材
    
    ISBN 978-7-115-26463-3:CNY39.00
    本书讲解了动画分镜头的基本概念和重要功能、分镜头画面的绘制与构图技法、镜头调度的基本规律、分镜头合理流畅的技巧以及实战技法等各方面知识和技能。
●
相关链接 在E读中查询图书 在五车中查询图书 在当当中查询图书 在豆瓣中查询图书


正题名:动画分镜头设计与制作     索取号:J954.1/261         预约/预借

序号 登录号 条形码 馆藏地/架位号 状态 备注
1 0543414   205434145   第一样本阅览室/ [索取号:J954.1/261] 在馆    
2 0543415   205434154   第一借阅区/ [索取号:J954.1/261] 在馆    
3 0543416   205434163   第一借阅区/ [索取号:J954.1/261] 在馆    
4 0543417   205434172   第一借阅区/ [索取号:J954.1/261] 在馆    
5 0543418   205434181   第一借阅区/ [索取号:J954.1/261] 在馆    
唐山师范学院图书馆 欢迎您!
大连网信软件有限公司© 版权所有